000 01052nam a22002657a 4500
005 20240530110626.0
008 170104s2015 ua a g b 000 0 ara d
017 _a23734/2014
_bمصر. دار الكتب
020 _a9789773192211
040 _aEG-CaGPL
_cEG-CaGPL
082 0 4 _221
_a384.63\
_bم إ
100 0 _aماجد فاضل الزبون
245 1 2 _aالاعلام الاقتصادى :
_bقراءة فى القنوات العربية المتخصصة /
_cماجد فاضل الزبون
250 _aط. 1
260 _aالقاهرة :
_bالعربى للنشر و التوزيع ،
_c2015.
300 _a247 ص. :
_bجداول ؛
_c24 سم.
504 _aيشتمل على ارجاعات ببليوجرافية
650 0 7 _2qrmak
_aوسائل الاعلام
650 0 7 _2qrmak
_aالوعى الاجتماعى
650 0 7 _2qrmak
_aالقنوات التليفزيونية الفضائية
651 _2qrmak
653 0 4 _aالاعلام الاقتصادى
942 _2ddc
_cBK
999 _c63159
_d63159